00661 a2200169 45000010006000000050017000060080041000230030015000640400040000790800035001192450055001542640051002093000019002605050185002790410008004641000019004725535920260407155827.0260407a1962 arg spa dAR-UNSa-BCEJYS aAR-UNSa-BCEJYSbspacAR-UNSa-BCEJYS a330.34xDesarrollo Económico10aEl desarrollo económicopanálisis y política 1aMéxico :bFondo de Cultura Económicac1962 a173 p.c17 cm. a1. Aspectos característicos de una país subdesarrollado - 2. Las modalidades históricas del desarrollo económico - 3. Principios de una política económica de desarrollo aspa1 aBarre, Raymond